000 00725nam a2200241 i 4500
001 C2-0324374
003 PPAK
005 20180728122734.0
008 131211s2008 si |||| ||||| | eng d
020 _a9789812615732 ; 9812615733
040 _aPPAK
_beng
_cPPAK
_erda
082 0 4 _a828.9950301
_223
090 0 0 _a828.9950301
_bPRI
_dG
245 0 0 _aPrizewinning asian fiction
264 1 _aSingapore :
_bMarshall Cavendish Editions ,
_c2008
300 _aix, 394 pages ;
_c21 cm
336 _2rdacontent
_atext
337 _2rdamedia
_aunmediated
338 _2rdacarrier
_avolume
650 1 0 _aOriental fiction (0English) ; Short stories - Oriental (English)
700 1 _aComber, Leon.,
_eeditor
942 _ddc
_cB
999 _c124344
_d124344